Tread carefully when subleasing (Record no. 68202)

MARC details
000 -LEADER
fixed length control field 01225cam a2200229 4500
001 - CONTROL NUMBER
control field ABS64407
008 - FIXED-LENGTH DATA ELEMENTS--GENERAL INFORMATION
fixed length control field 010910n2001 000 0 eng u
035 ## - SYSTEM CONTROL NUMBER
System control number (Sirsi) u114483
100 ## - MAIN ENTRY--PERSONAL NAME
Personal name Vivian, J
245 ## - TITLE STATEMENT
Title Tread carefully when subleasing
260 ## - PUBLICATION, DISTRIBUTION, ETC.
Date of publication, distribution, etc. 2001
490 ## - SERIES STATEMENT
Series statement Property Week
Volume/sequential designation (66)34 24 August 2001, 62-63(2)
520 ## - SUMMARY, ETC.
Summary, etc. Two articles on subletting, one from the landlord's point of view, the other from the tenant's, looking at the landlord's desire to restrict subletting and the tenant's desire to have the flexibility to make sublets, especially where the property is over-rented due to a fall in market rent. Uses the case "Homebase Ltd v Allied Dunbar Assurance plc" (2002) to illustrate the pitfalls and issues to be addressed. Guidance provided by this case allows landlords to make severe restrictions on the forms of subletting in order to safekeep an acceptable rent for the landlord. An application for leave to appeal has been lodged.
590 ## - LOCAL NOTE (RLIN)
Local note ABS
650 ## - SUBJECT ADDED ENTRY--TOPICAL TERM
Topical term or geographic name entry element SUBLETTING
650 ## - SUBJECT ADDED ENTRY--TOPICAL TERM
Topical term or geographic name entry element HOMEBASE LTD AND ANOTHER V ALLIED DUNBAR ASSURANCE PLC
650 ## - SUBJECT ADDED ENTRY--TOPICAL TERM
Topical term or geographic name entry element SIDE DEEDS
650 ## - SUBJECT ADDED ENTRY--TOPICAL TERM
Topical term or geographic name entry element PROPERTY MARKET
690 ## - LOCAL SUBJECT ADDED ENTRY--TOPICAL TERM (OCLC, RLIN)
Topical term or geographic name as entry element LANDLORD AND TENANT-LEASES
700 ## - ADDED ENTRY--PERSONAL NAME
Personal name White, G
942 ## - ADDED ENTRY ELEMENTS (KOHA)
Suppress in OPAC 0
Holdings
Withdrawn status Lost status Source of classification or shelving scheme Damaged status Not for loan Home library Current library Shelving location Date acquired Total Checkouts Full call number Barcode Date last seen Copy number Price effective from Koha item type
    Dewey Decimal Classification     London London Journal article 10/09/2001   ABS64407 114483-1001 06/08/2019 1 06/08/2019 Journal article